Kleppner Publicidad/ (Registro nro. 9229)

Detalles MARC
000 -LEADER
fixed length control field 02072nam a2200217Ia 4500
005 - FECHA Y HORA DE LA ÚLTIMA TRANSACCIÓN
control field 20241205115556.0
008 - FIXED-LENGTH DATA ELEMENTS--GENERAL INFORMATION
fixed length control field 230906s9999 xx 000 0 und d
020 ## - INTERNATIONAL STANDARD BOOK NUMBER
International Standard Book Number 968-444-423-0
040 ## - CATALOGING SOURCE
Original cataloging agency UPAN
Transcribing agency Biblioteca San Vicente
Description conventions RCAA2
041 ## - LANGUAGE CODE
Language code of text/sound track or separate title spa
082 ## - DEWEY DECIMAL CLASSIFICATION NUMBER
Classification number 659.1
Item number R877k
año de publicación 2001
100 ## - MAIN ENTRY--PERSONAL NAME
Personal name Russell, Thomas J.
Relator code aut.
245 #0 - TITLE STATEMENT
Title Kleppner Publicidad/
Statement of responsibility, etc J Thomas Rusell, W. Ronald Lane
250 ## - EDITION STATEMENT
Edition statement 14ª ed.
260 ## - PUBLICATION, DISTRIBUTION, ETC. (IMPRINT)
Place of publication, distribution, etc México:
Name of publisher, distributor, etc Prentice Hall,
Date of publication, distribution, etc 2001
300 ## - PHYSICAL DESCRIPTION
Extent 716 p.;
Dimensions 27 cm.
505 ## - FORMATTED CONTENTS NOTE
Formatted contents note Parte I: <br/>El lugar de la publicidad.<br/>Capitulo 1: Antecedentes de la publicidad actual.<br/>Capitulo 2: Funciones de la publicidad.<br/>Parte II: <br/>Planeación de la publicidad.<br/>Capitulo 3: La espiral de la publicidad y la planeación de marcas.<br/>Capitulo 4: Marketing meta.<br/>Parte III: <br/>Administración de la publicidad.<br/>Capitulo 5: La agencia de publicidad, los servicios de medios y otros servicios.<br/>Capitulo 6: Marketing del publicista y operación publicitaria.<br/>Parte IV: <br/>Los medios.<br/>Capitulo 7: La estrategia básica de los medios.<br/>Capitulo 8: Usos de la televisión.<br/>Capitulo 9: Usos de la radio.<br/>Capitulo 10: Usos de los periódicos.<br/>Capitulo 11: Usos de las revistas.<br/>Capitulo 12: Publicidad exterior.<br/>Capitulo 13: Publicidad de respuesta directa y de correo directo.<br/>Capitulo 14: Promoción de ventas.<br/>Parte V: <br/>Crear publicidad.<br/>Capitulo 15: Investigaciones de la publicidad.<br/>Capitulo 16: Como crear el texto.<br/>Capitulo 17: El concepto total: palabras y material visual.<br/>Capitulo 18: La producción de material impreso.<br/>Capitulo 19: El comercial de televisión.<br/>Capitulo 20: El comercial de radio.<br/>Capitulo 21: Marcas registradas.<br/>Capitulo 22: La campaña completa.<br/>Parte VI: <br/>Otros ámbitos de la publicidad. <br/>Capitulo 23: Publicidad de minoristas.<br/>Capitulo 24: La publicidad internacional.<br/>Capitulo 25: Restricciones jurídicas y de otra índole para la publicidad.<br/>Capitulo 26: Efectos económicos y sociales de la publicidad.
650 ## - SUBJECT ADDED ENTRY--TOPICAL TERM
Source of heading or term LEMB
General subdivision Publicidad
700 ## - ADDED ENTRY--PERSONAL NAME
Personal name Lane, W. Ronald
Relator code aut.
942 ## - ADDED ENTRY ELEMENTS (KOHA)
Koha item type Libros
Source of classification or shelving scheme Dewey Decimal Classification
Existencias
Withdrawn status Lost status Source of classification or shelving scheme Damaged status Not for loan Collection code Home library Current library Date acquired Total Checkouts Full call number Barcode Date last seen Copy number Price effective from Koha item type
    Dewey Decimal Classification     Colección General Biblioteca UPAN San Vicente Biblioteca UPAN San Vicente 06/09/2023   659.1 R877k 12001836 06/09/2023 01 06/09/2023 Libros
    Dewey Decimal Classification     Colección General Biblioteca UPAN San Vicente Biblioteca UPAN San Vicente 11/09/2023   659.1 R877k 12001837 11/09/2023 02 11/09/2023 Libros